Filosofía del derecho privado / (Record no. 171565)
[ view plain ]
| 000 -LEADER | |
|---|---|
| campo de control de longitud fija | 00595nam a2200157 i 4500 |
| 001 - NÚMERO DE CONTROL | |
| campo de control | 171565 |
| 003 - IDENTIFICADOR DE NÚMERO DE CONTROL | |
| campo de control | ES-MaACL |
| 005 - FECHA Y HORA DE LA ÚLTIMA TRANSACCIÓN | |
| campo de control | 20230906214649.0 |
| 008 - DATOS DE LONGITUD FIJA--INFORMACIÓN GENERAL | |
| campo de control de longitud fija | 090520m19461950ag |||| | spa d |
| 100 1# - ENTRADA PRINCIPAL--NOMBRE DE PERSONA | |
| Nombre de persona | Solari, Gioele. |
| 9 (RLIN) | 140246 |
| 245 10 - MENCIÓN DEL TÍTULO | |
| Título | Filosofía del derecho privado / |
| Mención de responsabilidad, etc. | prefacio del autor a esta edición argentina ; presentación de Renato Treves ; [traducción directa del original italiano]. |
| 260 ## - PUBLICACIÓN, DISTRIBUCIÓN, ETC. | |
| Lugar de publicación, distribución, etc. | Buenos Aires : |
| Nombre del editor, distribuidor, etc. | Deperlina, |
| Fecha de publicación, distribución, etc. | 1946-1950. |
| 300 ## - DESCRIPCIÓN FÍSICA | |
| Extensión | 2 v. : |
| Otras características físicas | 1 lám., retr. autor ; |
| Dimensiones | 24 cm. |
| 700 0# - ENTRADA AGREGADA--NOMBRE PERSONAL | |
| Nombre de persona | Treves, Renato. |
| 9 (RLIN) | 111340 |
| 852 ## - LOCALIZACIÓN | |
| Ubicación | ES-MaACL |
| Número de control de estantería | D-5925-26 |
| itemnumber | R.23032 |
| Estatus retirado | Estado de pérdida | Estado de daño | No para préstamo | Biblioteca de origen | Biblioteca actual | Ubicación en estantería | Fecha de adquisición | Fuente de adquisición | Total de préstamos | Signatura topográfica completa | Código de barras | Visto por última vez | Precio de reemplazo | Tipo de ítem Koha |
|---|---|---|---|---|---|---|---|---|---|---|---|---|---|---|
| Biblioteca del Ateneo de Madrid | Biblioteca del Ateneo de Madrid | Sala Valle Inclán | 20/05/2009 | D-5925-26 | 901180044 | 23/02/2023 | 23/02/2023 | Libro impreso |
